000 00188nam a2200085Ia 4500
008 120527s9999 xx 000 0 und d
100 _aPAYER,Lynn.
245 _aDisease-mongers.
942 _cBK
999 _c23960
_d23960